01059nam a2200241 i 450000100060000000300090000600500170001500700030003200800410003510000370007624501410011326000320025430000220028649000560030849000640036465000500042870000310047883000640050983000690057385200320064299900170067495201260069179739ES-MaACL20250910200900.0t|041022s1960 sp ||||1| spa d1 aHervada, Javier (d1934-)96341214aLos fines del matrimonio b: su relevancia en la estructura jurídica matrimonial / cJavier Hervada ; prólogo de Pedro Lombardía. a[Pamplona : bs.n., c1960] a231 p. ; c22 cm.1 aPublicaciones del Estudio General de Navarra ; v291 aColección Canónica del Estudio General de Navarra ; v4 7aMatrimonio (Derecho canónico)2embne9148621 aLombardía, Pedro.9731910 aPublicaciones del Estudio General de Navarra ; v2992314560 aColección canónica del estudio general de Navarrav49231458 aES-MaACLjC-18163 bR.46560 c79739d79739 00104070aATENEOMbATENEOMcGaleríad2008-01-17eSCl0oC-18163p1083379r2023-02-23 00:00:00w2023-02-23yMONOGRAFIA